Miasta w województwie kujawsko-pomorskim po powiatach - Statystyki

Ogólne statystyki
  • Ten quiz został rozwiązany 22 razy
  • Średni wynik to 38 z 56
Statystyki odpowiedzi
lp. Populacja Miasto % Poprawnych
1 28 000 Brodnica
100%
1 324 000 Bydgoszcz
100%
1 18 000 Chełmno
100%
4 88 000 Grudziądz
100%
1 66 000 Inowrocław
100%
1 11 000 Mogilno
100%
1 5 000 Radziejów
100%
2 193 000 Toruń
100%
1 13 000 Tuchola
100%
1 13 000 Wąbrzeźno
100%
3 99 000 Włocławek
100%
1 13 000 Żnin
100%
1 11 000 Aleksandrów Kujawski
93%
1 17 000 Nakło nad Notecią
93%
1 15 000 Rypin
93%
1 25 000 Świecie
93%
1 11 000 Golub-Dobrzyń
87%
1 13 000 Lipno
87%
1 8 700 Sępólno Krajeńskie
87%
2 11 000 Koronowo
73%
2 9 000 Kruszwica
73%
1 15 000 Solec Kujawski
73%
1 14 000 Chełmża
67%
2 10 000 Ciechocinek
67%
2 3 200 Kowal
67%
2 5 400 Nowe
67%
1 4 500 Brześć Kujawski
60%
4 2 400 Izbica Kujawska
60%
2 4 000 Kowalewo Pomorskie
60%
3 2 800 Pruszcz
60%
5 1 700 Chodecz
53%
3 2 300 Kamień Krajeński
53%
3 4 200 Kcynia
53%
3 4 300 Łabiszyn
53%
2 5 200 Strzelno
53%
2 9 300 Szubin
53%
2 5 600 Więcbork
53%
2 6 800 Barcin
47%
4 1 900 Dobrzyń nad Wisłą
47%
4 6 600 Gniewkowo
47%
2 3 600 Jabłonowo Pomorskie
47%
3 8 000 Janikowo
47%
4 3 600 Janowiec Wielkopolski
47%
3 2 000 Kikół
47%
1 3 000 Łasin
47%
4 4 100 Mrocza
47%
3 1 700 Nieszawa
47%
5 5 100 Pakość
47%
2 3 400 Skępe
47%
5 1 100 Bobrowniki
40%
5 1 400 Gąsawa
40%
3 1 300 Górzno
40%
6 1 300 Lubień Kujawski
40%
3 2 600 Lubraniec
40%
2 4 100 Piotrków Kujawski
40%
2 1 800 Radzyń Chełmiński
40%
Nie znaleziono quizów pasujących do podanych kryteriów
Rozkład punktacji
Procent ludzi z każdym wynikiem
Percentyl według liczby udzielonych odpowiedzi
Twoja historia wyników
Nie rozwiązałeś tego quizu